000 00626nam a22001697a 4500
003 OSt
005 20171010095434.0
008 120521t xxu||||| |||| 00| 0 eng d
040 _aMMSU
_cULS
100 _aBaguinon, Falstaff R.
_99548
245 _aAntimicrobial property of milkweed (Asclepias curassavica) leaf extract against candida albicans and pseudomonas aeruginosa
_cFalstaff R. Baguinon
260 _c2007
300 _axiv, 28 leaves
_c28 cm.
500 _aThesis (BS Biology) -- Mariano Marcos State University-College of Arts and Sciences, Batac City
504 _aBibliography: leaf 17
942 _2ddc
_cTHEDIS
999 _c9512
_d9512